EPL Top 10 Goalscorers' Careers - Statistics

General Stats
  • This quiz has been taken 107 times
  • The average score is 45 of 72
Answer Stats
Answer % Correct
Tottenham Hotspur
100%
Tottenham Hotspur
100%
Tottenham Hotspur
100%
Tottenham Hotspur
100%
Liverpool
99%
Liverpool
99%
Liverpool
99%
Arsenal
97%
Arsenal
97%
Arsenal
97%
Chelsea
97%
Chelsea
97%
Manchester City
97%
Manchester City
97%
Manchester City
97%
Manchester City
97%
Manchester United
97%
Manchester United
97%
Newcastle United
97%
Newcastle United
97%
Everton
90%
Everton
90%
Barcelona
87%
Barcelona
87%
Bayern Munich
86%
Roma
86%
Roma
86%
West Ham United
82%
West Ham United
82%
Blackburn Rovers
79%
Blackburn Rovers
79%
Blackburn Rovers
79%
Leicester City
77%
Atletico Madrid
68%
Monaco
66%
Derby County
64%
Fiorentina
62%
Juventus
62%
Sunderland
62%
Sunderland
62%
Sunderland
62%
Basel
55%
Norwich City
55%
Southampton
53%
New York Red Bulls
52%
D.C. United
48%
Leeds United
48%
Fulham
44%
Fulham
44%
Nottingham Forest
40%
AFC Bournemouth
36%
AFC Bournemouth
35%
New York City FC
32%
Birmingham City
31%
Rangers
30%
Rangers
30%
Burnley
29%
Portsmouth
29%
Portsmouth
29%
Portsmouth
29%
Cardiff City
27%
Swansea City
27%
Millwall
26%
Leyton Orient
23%
Independiente
19%
Toronto FC
19%
Bristol City
17%
Bristol City
17%
Perth Glory
9%
Muangthong United
5%
Al Mokawloon
4%
North Queensland Fury
4%
No matching quizzes found
Score Distribution
Percent of People with Each Score
Percentile by Number Answered
Your Score History
You have not taken this quiz